|
|
|
|
| LEADER |
02504cam a2200625 i 4500 |
| 001 |
nkc20142611765 |
| 003 |
CZ PrNK |
| 005 |
20260414103839.0 |
| 007 |
ta |
| 008 |
140709t20142014xr ab c p 000 0 cze d |
| 015 |
|
|
|a cnb002611765
|
| 020 |
|
|
|a 978-80-87881-15-6
|q (brožováno)
|
| 035 |
|
|
|a (OCoLC)923582083
|
| 040 |
|
|
|a OSA001
|b cze
|d BOA001
|d ABA001
|e rda
|
| 072 |
|
7 |
|a 54
|x Chemie. Mineralogické vědy
|2 Konspekt
|9 10
|
| 072 |
|
7 |
|a 37.016
|x Učební osnovy. Vyučovací předměty. Učebnice
|2 Konspekt
|9 22
|
| 080 |
|
|
|a 54
|2 MRF
|
| 080 |
|
|
|a 547
|2 MRF
|
| 080 |
|
|
|a (075.2)
|2 MRF
|
| 080 |
|
|
|a (075.3)
|2 MRF
|
| 080 |
|
|
|a (076.1)
|2 MRF
|
| 100 |
1 |
|
|a Fuksa, Jiří
|7 mzk2015859510
|4 aut
|
| 245 |
1 |
0 |
|a Hravá chemie 9.
|p Pracovní sešit pro 9. ročník ZŠ a víceletá gymnázia : v souladu s RVP /
|c autoři: Jiří Fuksa, Jana Jandová, Jitka Macenauerová, Bronislav Šenkeřík, Dagmar Víšková, Renata Zemková, Kateřina Zimplová
|
| 246 |
3 |
0 |
|a Chemie 9
|
| 246 |
3 |
0 |
|a Pracovní sešit pro 9. ročník ZŠ a víceletá gymnázia
|
| 250 |
|
|
|a 1. vydání
|
| 264 |
|
1 |
|a Praha :
|b Taktik,
|c [2014]
|
| 264 |
|
4 |
|c ©2014
|
| 300 |
|
|
|a 48 stran :
|b ilustrace (převážně barevné), 1 mapa ;
|c 30 cm
|
| 336 |
|
|
|a text
|b txt
|2 rdacontent
|
| 337 |
|
|
|a bez média
|b n
|2 rdamedia
|
| 338 |
|
|
|a svazek
|b nc
|2 rdacarrier
|
| 500 |
|
|
|a Název z obálky
|
| 650 |
0 |
7 |
|a chemie
|7 ph114237
|2 czenas
|
| 650 |
0 |
7 |
|a organická chemie
|7 ph115600
|2 czenas
|
| 650 |
0 |
9 |
|a chemistry
|2 eczenas
|
| 650 |
0 |
9 |
|a organic chemistry
|2 eczenas
|
| 655 |
|
7 |
|a učebnice základních škol
|7 fd133773
|2 czenas
|
| 655 |
|
7 |
|a učebnice středních škol
|7 fd133771
|2 czenas
|
| 655 |
|
7 |
|a pracovní sešity
|7 fd133116
|2 czenas
|
| 655 |
|
9 |
|a textbooks (elementary)
|2 eczenas
|
| 655 |
|
9 |
|a textbooks (secondary)
|2 eczenas
|
| 655 |
|
9 |
|a activity books
|2 eczenas
|
| 700 |
1 |
|
|a Jandová, Jana
|7 jo20191060391
|4 aut
|
| 700 |
1 |
|
|a Macenauerová, Jitka
|7 jx20100503014
|4 aut
|
| 700 |
1 |
|
|a Šenkeřík, Bronislav
|7 ola20201073450
|4 aut
|
| 700 |
1 |
|
|a Víšková, Dagmar
|7 osd2017963235
|4 aut
|
| 700 |
1 |
|
|a Zemková, Renata
|7 ola20201073500
|4 aut
|
| 700 |
1 |
|
|a Zimplová, Kateřina
|7 xx0202927
|4 aut
|
| 856 |
4 |
1 |
|u http://www.digitalniknihovna.cz/mzk/uuid/uuid:3724fdd0-2948-11ef-856d-5ef3fc9bb22f
|y Digitalizovaný dokument
|x NDK
|
| 910 |
2 |
|
|a BOA001
|b 4-1340.221
|
| 990 |
|
|
|a BK
|
| 995 |
|
|
|a 01
|
| 991 |
|
|
|b 201503
|c NOV
|e n
|
| 996 |
6 |
|
|b 2610620316
|c 4-1340.221
|l MZK
|r Sklad / do 1 hodiny
|n 1
|p p.v.
|w 001487360
|u 000010
|a 1
|e BOA001
|j MZK50
|s P
|